Image to Country - Odd One Out - Statistics

General Stats
  • This quiz has been taken 580 times
  • The average score is 9 of 15
Answer Stats
Question Answer % Correct
Which of these images is NOT of Saudi Arabia?
100%
Which of these images is NOT of Italy?
92%
Which of these images is NOT of New Zealand?
85%
Which of these images is NOT of Tanzania?
77%
Which of these images is NOT of Japan?
77%
Which of these images is NOT of India?
69%
Which of these images is NOT of Greece?
62%
Which of these images is NOT of Iran?
62%
Which of these images is NOT of Brazil?
54%
Which of these images is NOT of the Philippines?
46%
Which of these images is NOT of Canada?
46%
Which of these images is NOT of Chile?
38%
Which of these images is NOT of France?
38%
Which of these images is NOT of the United States?
38%
Which of these images is NOT of Egypt?
31%
No matching quizzes found
Score Distribution
Percent of People with Each Score
Percentile by Number Answered
Your Score History
You have not taken this quiz